বাংলাদেশ : (Record no. 159350)
[ view plain ]
| 000 -LEADER | |
|---|---|
| fixed length control field | 01269nam a22002057a 4500 |
| 003 - CONTROL NUMBER IDENTIFIER | |
| control field | BD-DhUL |
| 005 - DATE AND TIME OF LATEST TRANSACTION | |
| control field | 20170301193259.0 |
| 008 - FIXED-LENGTH DATA ELEMENTS--GENERAL INFORMATION | |
| fixed length control field | 170301s2011 b ||||| m||| 00| 0 b d |
| 040 ## - CATALOGING SOURCE | |
| Original cataloging agency | BD-DhUL |
| Transcribing agency | BD-DhUL |
| 082 ## - DEWEY DECIMAL CLASSIFICATION NUMBER | |
| Classification number | 954.92 |
| Item number | SAB |
| 100 10 - MAIN ENTRY--PERSONAL NAME | |
| Personal name | সারওয়ার, মো: গোলাম |
| 245 10 - TITLE STATEMENT | |
| Title | বাংলাদেশ : |
| Remainder of title | জাতিরাষ্ট্র উত্থানে আর্থ-সামাজিক প্রেক্ষাপট-একটি সামাজতাত্বিক বিশ্লেষণ / |
| Statement of responsibility, etc. | মো: গোলাম সারওয়ার |
| Medium | [অভিসন্দর্ভ এম.ফিল.] |
| 260 ## - PUBLICATION, DISTRIBUTION, ETC. (IMPRINT) | |
| Place of publication, distribution, etc. | ঢাকা : |
| Name of publisher, distributor, etc. | ঢাকা বিশ্ববিদ্যালয়, |
| Date of publication, distribution, etc. | ২০১১। |
| 300 ## - PHYSICAL DESCRIPTION | |
| Extent | [১১], ২০২ পৃ. : |
| Other physical details | চিত্র ; |
| Dimensions | ২৯ সে.মি. |
| 500 ## - GENERAL NOTE | |
| General note | অভিসন্দর্ভ (এম.ফিল)--সমাজ বিজ্ঞান বিভাগ , ঢাকা বিশ্ববিদ্যালয়, শিক্ষাবর্ষ : ২০০৩-২০০৪। |
| 504 ## - BIBLIOGRAPHY, ETC. NOTE | |
| Bibliography, etc | গ্রন্থপঞ্জি সংবলিত। |
| 650 #4 - SUBJECT ADDED ENTRY--TOPICAL TERM | |
| Topical term or geographic name as entry element | বাংলাদেশ ইতিহাস |
| General subdivision | |
| 650 #4 - SUBJECT ADDED ENTRY--TOPICAL TERM | |
| Topical term or geographic name as entry element | History of Bangladesh |
| General subdivision | |
| 942 ## - ADDED ENTRY ELEMENTS (KOHA) | |
| Source of classification or shelving scheme | |
| Koha item type | Reference |
| Price effective from | Date last seen | Permanent Location | Not for loan | Date acquired | Source of classification or shelving scheme | Koha item type | Lost status | Withdrawn status | Copy number | Source of acquisition | Collection code | Damaged status | Shelving location | Barcode | Current Location | Full call number |
|---|---|---|---|---|---|---|---|---|---|---|---|---|---|---|---|---|
| 2017-03-01 | 2017-03-01 | Dhaka University Library | Not For Loan | 2017-03-01 | Reference | 1 | Gift | Reference | Rare Collection | 449932 | Dhaka University Library | 954.92 SAB |
